| 000 | 01144nas a2200421 4500 | ||
|---|---|---|---|
| 001 | BR0404259 | ||
| 003 | BR-BrBNA | ||
| 005 | 20231205104802.0 | ||
| 007 | ta | ||
| 008 | 230509b bl.|||p| |||| 00| 00por d | ||
| 040 |
_aBR-BrBNA _bpor _cBiblioteca Nacional de Agricultura |
||
| 041 | _a(Pt) | ||
| 072 | _aL70 | ||
| 100 | 1 | _aBrun, M.V. | |
| 100 | 1 | _aPippi, N.L. | |
| 100 | 1 | _aBeck, C.A. de C. | |
| 100 | 1 | _aContesini, E.A. | |
| 100 | 1 | _aPereira, R.A. | |
| 100 | 1 | _aStedile, R. | |
| 100 | 1 | _aBonfada, A.T. | |
| 100 | 1 | _aColumé, L.M. | |
| 100 | 1 | _aGomes, K. | |
| 100 | 1 | _aVieira Júnior, A.R.P. | |
| 100 | 1 | _aSilva, T.F. da | |
| 245 | 1 | _aColopexia incisional por celiotomia ou transparietal auxiliada por laparoscopia em cães | |
| 650 | _aCÃO | ||
| 650 | _aBIÓPSIA | ||
| 650 | _aCIRURGIA | ||
| 650 | _aLAPAROSCOPIA | ||
| 650 | _aDERMATITE | ||
| 650 | _aLESÃO | ||
| 650 | _aTECIDO ANIMAL | ||
| 650 | _aCOLON | ||
| 650 | _aSUTURA | ||
| 773 | 0 |
_tCiência Rural (Brazil) _xISSN 0103-8478 _g(May-Jun 2004), v. 34(3) p. 829-837 _wBR0404259 |
|
| 909 |
_a202311 _bLúcia _c55 _dLúcia Elande |
||
| 942 |
_2AGRIS _n0 _cANA |
||
| 999 |
_c179683 _d179683 |
||